| 000 | 02023cam a2200373 i 4500 | ||
|---|---|---|---|
| 001 | on1348396150 | ||
| 003 | TZ-ArACH | ||
| 005 | 20260122153552.0 | ||
| 008 | 221018t20222022fr f lb 000 0 fre d | ||
| 020 |
_a9782140268052 (br) _q(br.) |
||
| 020 |
_a2140268059 (br) _q(br.) |
||
| 024 | 3 | 0 | _a9782140268052 |
| 029 | 0 |
_aZWZ _b265065569 |
|
| 035 | _a(OCoLC)1348396150 | ||
| 040 |
_aZWZ _bfre _encafnor _cTZ-ArACH |
||
| 049 | _aTZAA | ||
| 050 |
_aKQC573 _b.S66 2022 |
||
| 100 | 1 |
_aSoma, Abdoulaye. _4pbd _eDirecteur de la publication. |
|
| 245 | 1 | 0 |
_aCommentaire des grands arrêts de la Cour africaine des droits de l'Homme et des peuples / _csous la direction de Abdoulaye Soma & Samson Mwin Sôg Mé Dabiré. |
| 260 |
_aParis : _bHarmattan; _c2022. |
||
| 300 |
_a1 volume (334 p.) : _bcouv. ill. en coul. ; _c24 cm. |
||
| 490 | 1 | _aEtudes africaines. Serie Droit | |
| 504 | _aNotes bibliogr. | ||
| 520 | _aCréée par le Protocole de Ouagadougou de 1998 et ayant rendu sa première décision en décembre 2009, la Cour africaine des droits de l’homme et des peuples a, en dix ans d’existence, constitué une jurisprudence abondante et riche. Cet ouvrage systématise et synthétise cette jurisprudence. Il propose une analyse commentée des principales affaires jugées par la Cour africaine des droits de l’homme et des peuples. Adoptant une approche didactique et pédagogique, il permet au lecteur d’appréhender tant le droit procédural que le droit substantiel du système africain des droits de l’homme et des peuples. | ||
| 610 | 2 | 7 |
_aCour africaine des droits de l'homme et des peuples. _2ram |
| 650 | 7 |
_aDroits de l'homme _zAfrique. _2ram |
|
| 650 | 7 |
_aDefense des droits de l'homme _zAfrique. _2ram |
|
| 650 | 7 |
_aDroits de l'homme (droit international) _zAfrique. _2ram |
|
| 700 | 1 |
_aDabiré, Sôg Mé Dabiré _d(19..-....). _4pbd _eDirecteur de la publication. |
|
| 830 | 0 | _aEtudes africaines. Serie Droit. | |
| 886 | 2 |
_2unimarc _a181 _ai# _bxxxe## |
|
| 936 | _aBATCHLOAD | ||
| 942 |
_2lcc _cBOOK |
||
| 999 |
_c7786 _d7786 |
||